000 00709nam a2200205 i 4500
001 32326
003 ES-MaACL
005 20250928104723.0
007 t|
008 030131s1955 sp ||||1| spa d
100 1 _aBenito y Durán, Angel.
_927697
245 1 0 _aAndrés Manjón
_b: estudio de su sistema pedagógico /
_cpor Angel Benito y Durán.
260 _aGranada :
_bCam,
_c1955 (
_fFrancisco Román Camacho)
300 _a101 p. ;
_c24 cm.
490 1 _aColección La nube y el ciprés. Serie caracol
600 1 4 _aManjón, Andrés,
_d1846-1923
_976033
830 0 _aColección La nube y el ciprés. Serie caracol
_9229409
852 _aES-MaACL
_j1985-F-20
_bR.38267
999 _c32326
_d32326